000 00586nam a22002057a 4500
008 131112b xxu||||| |||| 00| 0 alb d
020 _a9789994340897
041 0 _aalb
080 _a338.48
_x(075.8)
100 1 _aGorica, Klodiana
245 1 0 _aStrategjia e turizmit :
_cKlodiana Gorica, Fioralba Vela
260 _aTiranë :
_bPegi ;
_c2007.
300 _a431 f. :
_c24 cm.
500 _aParathënie : f.1
505 _aLiteratura : f. 429-431
650 0 _aTurizmi
650 0 _aTregëtia turistike
700 1 _aVela, Fioralba
942 _2udc
_cBK
999 _c283
_d283